000 002710000a22001210004500
082 0 4 _aG CTH K855e
245 1 0 _aEster, Krata Kraf No. 21
260 _a[S.L.] Publicaciones Mensaje de Vida
300 _a21 P.
650 1 4 _aLiteratura Infantil
001 789
942 _cLGB
999 _c47993
_d47993